[Event "Wch U20 52nd"]
[Site "Kocaeli"]
[Date "2013.09.25"]
[Round "12"]
[White "Karabayir, Mustafa Yilmaz"]
[Black "Kilic, Efe Mert"]
[Result "1/2-1/2"]
[WhiteElo "1926"]
[BlackElo "1843"]
[PlyCount "31"]
[EventDate "2013.09.13"]
[EventType "swiss"]
[EventRounds "13"]
[EventCountry "TUR"]
[SourceTitle "CBM 156 Extra"]
[Source "ChessBase"]
[SourceDate "2013.10.22"]
[SourceVersion "1"]
[SourceVersionDate "2013.10.22"]
[SourceQuality "1"]

1. e4 d5 2. exd5 Nf6 3. d4 Nxd5 4. c4 Nb6 5. Nc3 g6 6. Be3 Bg7 7. h3 Nc6 8. Nf3 0-0 9. Be2 e5 10. d5 Ne7 11. Qb3 Bf5 12. Nh4 Bc8 13. Nf3 Bf5 14. Nh4 Bc8 15. Nf3 Bf5 16. Nh4 1/2-1/2

[Event "Wch U20 52nd"]
[Site "Kocaeli"]
[Date "2013.09.22"]
[Round "9"]
[White "Emiroglu, Cankut"]
[Black "Karabayir, Mustafa Yilmaz"]
[Result "1-0"]
[WhiteElo "2260"]
[BlackElo "1926"]
[PlyCount "63"]
[EventDate "2013.09.13"]
[EventType "swiss"]
[EventRounds "13"]
[EventCountry "TUR"]
[SourceTitle "CBM 156 Extra"]
[Source "ChessBase"]
[SourceDate "2013.10.22"]
[SourceVersion "1"]
[SourceVersionDate "2013.10.22"]
[SourceQuality "1"]

1. e4 e5 2. Bc4 Nf6 3. d3 c6 4. Nf3 d5 5. Bb3 Bd6 6. Nc3 dxe4 7. Ng5 0-0 8. Ngxe4 Nxe4 9. Nxe4 Be7 10. Qh5 Nd7 11. 0-0 Qc7 12. Re1 Nf6 13. Nxf6+ Bxf6 14. Bg5 g6 15. Qh4 Bg7 16. Bf6 Re8 17. f4 Qb6+ 18. Kh1 Qd4 19. fxe5 Qxh4 20. Bxh4 Rxe5 21. Rxe5 Bxe5 22. Re1 Bxb2 23. Re8+ Kg7 24. Re7 Bf5 25. Rxf7+ Kh6 26. Rxb7 a5 27. Be1 Re8 28. Bxa5 Re2 29. h3 Bd4 30. Rf7 Rf2 31. g4 Rf1+ 32. Kh2 1-0

[Event "Wch U20 52nd"]
[Site "Kocaeli"]
[Date "2013.09.17"]
[Round "5"]
[White "Wang, Richard"]
[Black "Karabayir, Mustafa Yilmaz"]
[Result "1-0"]
[WhiteElo "2430"]
[BlackElo "1926"]
[PlyCount "41"]
[EventDate "2013.09.13"]
[EventType "swiss"]
[EventRounds "13"]
[EventCountry "TUR"]
[SourceTitle "CBM 156 Extra"]
[Source "ChessBase"]
[SourceDate "2013.10.22"]
[SourceVersion "1"]
[SourceVersionDate "2013.10.22"]
[SourceQuality "1"]

1. d4 Nf6 2. c4 e6 3. Nf3 b6 4. g3 Ba6 5. Qc2 Bb4+ 6. Bd2 Be7 7. Bg2 0-0 8. 0-0 c6 9. Bf4 d5 10. Ne5 Nfd7 11. Nxd7 Nxd7 12. Nd2 Nf6 13. Rfd1 Bd6 14. Bxd6 Qxd6 15. e4 Qe7 16. e5 Nd7 17. Qa4 Bb7 18. Rac1 c5 19. Nb3 cxd4 20. cxd5 Nxe5 21. d6 1-0

[Event "TUR-ch"]
[Site "Antalya"]
[Date "2013.02.05"]
[Round "5"]
[White "Karabayir, Mustafa Yilmaz"]
[Black "Koksal, Ege"]
[Result "0-1"]
[WhiteElo "1892"]
[BlackElo "2228"]
[PlyCount "96"]
[EventDate "2013.02.02"]
[EventType "swiss"]
[EventRounds "11"]
[EventCountry "TUR"]
[SourceTitle "CBM 152 Extra"]
[Source "ChessBase"]
[SourceDate "2013.02.25"]
[SourceVersion "1"]
[SourceVersionDate "2013.02.25"]
[SourceQuality "1"]

1. e4 e5 2. Nf3 Nc6 3. Bc4 Bc5 4. c3 Nf6 5. d3 d6 6. b4 Bb6 7. a4 a5 8. b5 Ne7 9. 0-0 0-0 10. h3 Ng6 11. Re1 c6 12. bxc6 bxc6 13. d4 d5 14. exd5 e4 15. Ne5 cxd5 16. Bb5 Bc7 17. Ba3 Bd6 18. Bxd6 Qxd6 19. Nxg6 hxg6 20. Nd2 Be6 21. c4 dxc4 22. Nxc4 Bxc4 23. Bxc4 Rab8 24. Bb5 Rfd8 25. Rc1 Rbc8 26. Qd2 Qb6 27. Rxc8 Rxc8 28. Qe3 Rd8 29. Rd1 Nd5 30. Qd2 Nb4 31. Qe3 Nd5 32. Qd2 Rd6 33. Re1 Nf6 34. Rd1 Qd8 35. Qc3 Nd5 36. Qc5 e3 37. Rc1 Qe7 38. fxe3 Qxe3+ 39. Kh1 Rd8 40. Rf1 Nf6 41. Qe5 Qd2 42. Rf4 g5 43. Qc7 Rf8 44. Rf5 Qxd4 45. Rxg5 Rd8 46. Qe5 Qf2 47. Qg3 Rd1+ 48. Kh2 Qg1# 0-1

[Event "TUR-ch"]
[Site "Antalya"]
[Date "2013.02.02"]
[Round "1"]
[White "Karabayir, Mustafa Yilmaz"]
[Black "Guclu, Yagmur"]
[Result "1-0"]
[WhiteElo "1892"]
[BlackElo "1308"]
[PlyCount "83"]
[EventDate "2013.02.02"]
[EventType "swiss"]
[EventRounds "11"]
[EventCountry "TUR"]
[SourceTitle "CBM 152 Extra"]
[Source "ChessBase"]
[SourceDate "2013.02.25"]
[SourceVersion "1"]
[SourceVersionDate "2013.02.25"]
[SourceQuality "1"]

1. e4 e5 2. Bc4 Nf6 3. d3 Nc6 4. Nc3 Bc5 5. Bg5 h6 6. Bxf6 Qxf6 7. Nf3 Nd4 8. Nd5 Nxf3+ 9. gxf3 Qh4 10. Qd2 Kd8 11. Ne3 d6 12. 0-0-0 Qf6 13. c3 Bb6 14. d4 Be6 15. Rhg1 g5 16. Bxe6 Qxe6 17. Kb1 a6 18. Qd3 f6 19. h4 gxh4 20. Nf5 h3 21. Rg7 Rg8 22. Re7 Qxe7 23. Nxe7 Kxe7 24. Rh1 Rg2 25. Rxh3 Rh8 26. Rg3 Rxg3 27. fxg3 h5 28. Qe3 c6 29. f4 exf4 30. Qxf4 Bc7 31. d5 cxd5 32. exd5 Kf7 33. Qf5 Bb8 34. Qd7+ Kg6 35. Qxb7 a5 36. a4 Rg8 37. b4 axb4 38. cxb4 f5 39. a5 f4 40. gxf4 h4 41. Qd7 Rg7 42. Qg4+ 1-0

[Event "TUR-chT2"]
[Site "Konya"]
[Date "2011.07.08"]
[Round "6"]
[White "Karabayir, Mustafa Yilmaz"]
[Black "Caglar, Ahmet Ata"]
[Result "1/2-1/2"]
[WhiteElo "1881"]
[BlackElo "1673"]
[PlyCount "84"]
[EventDate "2011.07.04"]
[EventType "team-swiss"]
[EventRounds "9"]
[EventCountry "TUR"]
[SourceTitle "CBM 143 Extra"]
[Source "ChessBase"]
[SourceDate "2011.08.29"]
[SourceVersion "1"]
[SourceVersionDate "2011.08.29"]
[SourceQuality "1"]
[WhiteTeam "Ankara Demirspor"]
[BlackTeam "Istanbul Sisli"]
[WhiteTeamCountry "TUR"]
[BlackTeamCountry "TUR"]

1. e4 c5 2. c3 d5 3. exd5 Qxd5 4. d4 Nc6 5. Nf3 Bg4 6. Be2 e6 7. 0-0 cxd4 8. cxd4 Nf6 9. h3 Bh5 10. Nc3 Qd6 11. Be3 Be7 12. Qb3 Qb4 13. Qxb4 Bxb4 14. g4 Bg6 15. Bb5 0-0 16. Bxc6 bxc6 17. Ne5 Rac8 18. a3 Bxc3 19. bxc3 Nd5 20. Rfc1 Nxe3 21. fxe3 Rfd8 22. Nxg6 hxg6 23. Rab1 Rb8 24. Kf2 Kf8 25. Ke2 Ke7 26. Kd3 Rh8 27. a4 a5 28. c4 Kd6 29. Rf1 f6 30. Rxb8 Rxb8 31. Kc3 g5 32. e4 Rb4 33. Ra1 g6 34. c5+ Ke7 35. Ra3 f5 36. e5 f4 37. Kd3 Kd7 38. Ke4 Ke7 39. Kd3 Kf7 40. Ke4 Ke7 41. Kd3 Kd7 42. Ke4 Ke7 1/2-1/2

[Event "TUR-chT2"]
[Site "Konya"]
[Date "2011.07.06"]
[Round "4"]
[White "Karabayir, Mustafa Yilmaz"]
[Black "Caliskan, Kerem"]
[Result "1-0"]
[WhiteElo "1881"]
[BlackElo "1752"]
[PlyCount "69"]
[EventDate "2011.07.04"]
[EventType "team-swiss"]
[EventRounds "9"]
[EventCountry "TUR"]
[SourceTitle "CBM 143 Extra"]
[Source "ChessBase"]
[SourceDate "2011.08.29"]
[SourceVersion "1"]
[SourceVersionDate "2011.08.29"]
[SourceQuality "1"]
[WhiteTeam "Ankara Demirspor"]
[BlackTeam "Antalya Calli"]
[WhiteTeamCountry "TUR"]
[BlackTeamCountry "TUR"]

1. e4 c5 2. Nf3 d6 3. d4 cxd4 4. Qxd4 Nc6 5. Bb5 Bd7 6. Bxc6 Bxc6 7. Nc3 Nf6 8. Bg5 Nd7 9. 0-0-0 Qb6 10. Qd2 h6 11. Be3 Qa5 12. Kb1 e6 13. Nd4 Nb6 14. Qe2 Na4 15. Nxa4 Bxa4 16. f4 0-0-0 17. f5 e5 18. Nb3 Bxb3 19. cxb3 Kb8 20. Qc4 Rd7 21. Rc1 Be7 22. Qxf7 Rhd8 23. Qe6 Bf6 24. Rhd1 b6 25. Qc4 Kb7 26. b4 Qa4 27. b3 Qa3 28. Rd5 Bg5 29. Bxg5 hxg5 30. b5 Kb8 31. Rc3 Kb7 32. b4 Qa4 33. Kb2 a6 34. Ra3 axb5 35. Rxb5 1-0

[Event "World ol U16 09th"]
[Site "Burdur"]
[Date "2010.11.29"]
[Round "4"]
[White "Karabayir, Mustafa Yilmaz"]
[Black "Yurtseven, Melih"]
[Result "0-1"]
[WhiteElo "1869"]
[BlackElo "1972"]
[PlyCount "40"]
[EventDate "2010.11.27"]
[EventType "team-swiss"]
[EventRounds "10"]
[EventCountry "TUR"]
[SourceTitle "CBM 139 Extra"]
[Source "ChessBase"]
[SourceDate "2011.01.05"]
[SourceVersion "1"]
[SourceVersionDate "2011.01.05"]
[SourceQuality "1"]
[WhiteTeam "Turkey White"]
[BlackTeam "Turkey Red"]
[WhiteTeamCountry "TUR"]
[BlackTeamCountry "TUR"]

1. e4 c5 2. c3 d6 3. d4 Nf6 4. Bd3 e5 5. Nf3 Nc6 6. dxc5 d5 7. Nbd2 dxe4 8. Nxe4 Nxe4 9. Bxe4 Qxd1+ 10. Kxd1 Bxc5 11. Bxc6+ bxc6 12. Nxe5 Bxf2 13. Rf1 Bh4 14. Kc2 0-0 15. Bd2 Bf6 16. Nc4 Ba6 17. Rf4 Rad8 18. Ne3 Bg5 19. Rf3 Bd3+ 20. Kc1 Rfe8 0-1

[Event "TUR-chT"]
[Site "Konya"]
[Date "2010.07.04"]
[Round "7"]
[White "Ozen, Burak"]
[Black "Karabayir, Mustafa Yilmaz"]
[Result "1/2-1/2"]
[WhiteElo "2078"]
[BlackElo "1867"]
[PlyCount "250"]
[EventDate "2010.06.29"]
[EventType "team-tourn"]
[EventRounds "13"]
[EventCountry "TUR"]
[SourceTitle "CBM 137 Extra"]
[Source "ChessBase"]
[SourceDate "2010.09.01"]
[SourceVersion "1"]
[SourceVersionDate "2010.09.01"]
[SourceQuality "1"]

1. e4 c5 2. Nf3 Nc6 3. d4 cxd4 4. Nxd4 Nf6 5. Nc3 d6 6. Be2 e5 7. Nf3 Be7 8. 0-0 0-0 9. h3 a6 10. a4 Qc7 11. Be3 b6 12. Re1 Bb7 13. Bd3 Nb4 14. Qe2 Rfd8 15. Rad1 Nxd3 16. cxd3 d5 17. Rc1 Qd6 18. exd5 Nxd5 19. Ne4 Qe6 20. Bd2 Rac8 21. Ng3 Nf4 22. Bxf4 exf4 23. Qxe6 fxe6 24. Rxc8 Bxc8 25. Ne2 g5 26. Rd1 Bf6 27. Nc3 Bb7 28. Kf1 h6 29. Ke2 Kf7 30. Rc1 Bxf3+ 31. gxf3 Rd4 32. Ne4 Be5 33. b3 Rb4 34. Rb1 Ke7 35. Kd2 b5 36. axb5 Rxb5 37. Nc3 Rc5 38. Na4 Rb5 39. Nc3 Ra5 40. Na4 Bd4 41. Ke2 Re5+ 42. Kf1 Rb5 43. Ke2 Rb4 44. Ke1 Kd6 45. Ke2 Rb7 46. Nb2 Bxb2 47. Rxb2 Kd5 48. Kd1 Kd4 49. Kd2 Rb6 50. Rb1 a5 51. Ra1 Rxb3 52. Ra4+ Rb4 53. Rxa5 Rb2+ 54. Ke1 Kxd3 55. Kf1 Rb6 56. Ra4 e5 57. Re4 Rb5 58. Kg2 Rd5 59. Kg1 h5 60. Re1 Kd2 61. Re4 Kd3 62. Re1 Rc5 63. Kg2 Kc4 64. Rd1 Rd5 65. Rc1+ Kd4 66. Re1 Kc5 67. Rc1+ Kd6 68. Rc8 Ke6 69. Rh8 h4 70. Re8+ Kf6 71. Rf8+ Kg7 72. Ra8 Rd6 73. Rb8 Kf6 74. Rf8+ Kg6 75. Rg8+ Kf5 76. Rf8+ Rf6 77. Re8 Re6 78. Rf8+ Kg6 79. Rg8+ Kf6 80. Rf8+ Kg7 81. Ra8 e4 82. fxe4 Rxe4 83. Ra6 Rd4 84. Kf3 Rd2 85. Rb6 Kf7 86. Ra6 Kg7 87. Rb6 Rd1 88. Kg2 Rd3 89. f3 Rd2+ 90. Kg1 Re2 91. Ra6 Kf7 92. Rb6 Re6 93. Rb5 Kf6 94. Ra5 Re5 95. Ra6+ Kf5 96. Kf2 Rc5 97. Rd6 Ke5 98. Rd8 Rc6 99. Rg8 Kf5 100. Rf8+ Rf6 101. Re8 Rb6 102. Kf1 Rb1+ 103. Kf2 Rb2+ 104. Kg1 Rb6 105. Kf2 Rb5 106. Kf1 Re5 107. Rf8+ Ke6 108. Rd8 Rd5 109. Ra8 Ke5 110. Ra4 Rc5 111. Kf2 Rc2+ 112. Kg1 Rc1+ 113. Kf2 Rc2+ 114. Kg1 Kd5 115. Ra5+ Rc5 116. Ra4 Kc6 117. Kf2 Rc2+ 118. Kg1 Kd5 119. Rb4 Kc5 120. Ra4 Rc4 121. Ra8 Kd4 122. Re8 Rc3 123. Kf2 Rc2+ 124. Kg1 Kd3 125. Re5 Rc3 1/2-1/2

[Event "Wch U14"]
[Site "Kemer"]
[Date "2009.11.18"]
[Round "7"]
[White "Karabayir, Mustafa Yilmaz"]
[Black "Borisenko, Viacheslav"]
[Result "0-1"]
[WhiteElo "1864"]
[BlackElo "2032"]
[PlyCount "68"]
[EventDate "2009.11.12"]
[EventType "swiss"]
[EventRounds "11"]
[EventCountry "TUR"]
[SourceTitle "EXT 2010"]
[Source "ChessBase"]
[SourceDate "2010.11.25"]
[SourceVersion "1"]
[SourceVersionDate "2010.11.25"]
[SourceQuality "1"]

1. e4 c5 2. Nf3 Nc6 3. d4 cxd4 4. Nxd4 Nf6 5. Nc3 e6 6. Ndb5 d6 7. Bf4 e5 8. Bg5 a6 9. Na3 b5 10. Nd5 Be7 11. Bxf6 Bxf6 12. c4 b4 13. Nc2 a5 14. b3 Bg5 15. g3 0-0 16. h4 Bh6 17. Bh3 Be6 18. Qh5 Bxd5 19. cxd5 Ne7 20. 0-0 Qb6 21. Rfd1 Ra7 22. Qf3 Rc7 23. Qd3 Rc3 24. Qe2 Rxg3+ 25. Kh2 Rc3 26. Ne1 Ng6 27. Nd3 Nxh4 28. Qg4 Ng6 29. Rab1 Rc2 30. Kh1 Rxa2 31. Rg1 Rd2 32. Bf1 Qd4 33. Rg3 Bf4 34. Nxf4 exf4 0-1

[Event "Moscow Petrosian Memorial U18"]
[Site "Moscow"]
[Date "2008.01.??"]
[Round "2"]
[White "Karabayir, Mustafa Yilmaz"]
[Black "Talybov, Shukiur"]
[Result "1-0"]
[WhiteElo "1850"]
[BlackElo "2026"]
[PlyCount "103"]
[EventDate "2008.01.??"]
[EventType "swiss"]
[EventRounds "9"]
[EventCountry "RUS"]
[SourceTitle "CBM 122 Extra"]
[Source "ChessBase"]
[SourceDate "2008.03.04"]
[SourceVersion "1"]
[SourceVersionDate "2008.03.04"]
[SourceQuality "1"]

1. e4 c5 2. Nf3 e6 3. d4 cxd4 4. Nxd4 Nf6 5. Nc3 Nc6 6. a3 d5 7. exd5 exd5 8. Bb5 Bd7 9. 0-0 Be7 10. Bg5 0-0 11. Re1 a6 12. Nxc6 bxc6 13. Bd3 Be6 14. Qf3 Qd7 15. h3 Qb7 16. Rab1 Rad8 17. Ne2 c5 18. Nf4 Qd7 19. Rbd1 Qd6 20. Nxe6 fxe6 21. Qe3 Kf7 22. c4 d4 23. Qf3 g6 24. Bh6 Rfe8 25. Be4 Bf8 26. Bg5 Bg7 27. g4 Qe7 28. Bd5 Rd6 29. Bf4 Rxd5 30. cxd5 Nxd5 31. Bd6+ Qf6 32. Qxf6+ Bxf6 33. Bxc5 e5 34. Kg2 Rc8 35. Bb4 Rc2 36. Rc1 Rxb2 37. Kf3 h6 38. Ke4 Nxb4 39. axb4 Rxb4 40. Ra1 a5 41. Rab1 Ke6 42. Rxb4 axb4 43. Ra1 Be7 44. Ra6+ Bd6 45. Rb6 b3 46. Rxb3 Bc5 47. Rb5 Kd6 48. Ra5 Bb6 49. Rxe5 d3 50. Rd5+ Ke6 51. f3 g5 52. Rxd3 1-0

[Event "Moscow Petrosian Memorial U18"]
[Site "Moscow"]
[Date "2008.01.??"]
[Round "4"]
[White "Omariev, Maksim"]
[Black "Karabayir, Mustafa Yilmaz"]
[Result "1-0"]
[WhiteElo "2242"]
[BlackElo "1850"]
[PlyCount "71"]
[EventDate "2008.01.??"]
[EventType "swiss"]
[EventRounds "9"]
[EventCountry "RUS"]
[SourceTitle "CBM 122 Extra"]
[Source "ChessBase"]
[SourceDate "2008.03.04"]
[SourceVersion "1"]
[SourceVersionDate "2008.03.04"]
[SourceQuality "1"]

1. e4 e5 2. Nf3 Nf6 3. Nxe5 d6 4. Nf3 Nxe4 5. Nc3 Nxc3 6. dxc3 Be7 7. Bf4 0-0 8. Qd2 Nd7 9. 0-0-0 Nc5 10. Bd3 Be6 11. Kb1 a5 12. h4 Nxd3 13. Qxd3 Qd7 14. Rde1 b5 15. Ng5 Bxg5 16. hxg5 Bf5 17. Qd4 Rfe8 18. Re3 Rxe3 19. Bxe3 Re8 20. Rd1 Qe6 21. Qa7 Qe4 22. Rc1 c6 23. Qxa5 Qxg2 24. c4 Qe4 25. cxb5 cxb5 26. Qxb5 Rc8 27. Ka1 g6 28. c3 Ra8 29. c4 Qd3 30. Qb4 Be6 31. Qc3 Qe4 32. b3 Qc6 33. Bd4 Qe8 34. Bg7 Ra7 35. Bd4 Rb7 36. Qf3 1-0

[Event "Wch U12"]
[Site "Kemer"]
[Date "2007.11.28"]
[Round "11"]
[White "Hasenohr, Benedict"]
[Black "Karabayir, Mustafa Yilmaz"]
[Result "1-0"]
[WhiteElo "2050"]
[BlackElo "1804"]
[PlyCount "83"]
[EventDate "2007.11.18"]
[EventType "swiss"]
[EventRounds "11"]
[EventCountry "TUR"]
[SourceTitle "CBM 121 Extra"]
[Source "ChessBase"]
[SourceDate "2008.01.10"]
[SourceVersion "1"]
[SourceVersionDate "2008.01.10"]
[SourceQuality "1"]

1. d4 Nf6 2. Nf3 e6 3. c4 d5 4. Nc3 c5 5. cxd5 Nxd5 6. e4 Nxc3 7. bxc3 cxd4 8. cxd4 Bb4+ 9. Bd2 Qa5 10. a3 Bxd2+ 11. Qxd2 Qxd2+ 12. Nxd2 0-0 13. Bc4 Nc6 14. Nf3 b6 15. 0-0 Bb7 16. d5 Na5 17. Ba2 exd5 18. exd5 Rfd8 19. Rfd1 Rac8 20. Rac1 Rxc1 21. Rxc1 Kf8 22. h4 Ke7 23. Re1+ Kf8 24. h5 Re8 25. Ne5 Rd8 26. Re3 f6 27. Ng4 Rc8 28. d6 Rc1+ 29. Kh2 Rd1 30. Re7 Bd5 31. Ne3 Bxa2 32. Nxd1 Nc6 33. Rc7 Ne5 34. Rxa7 Be6 35. Ne3 h6 36. Rb7 Nd7 37. f4 Ke8 38. f5 Bb3 39. g4 Kd8 40. Ra7 Ke8 41. Ng2 Bf7 42. Ra8+ 1-0

[Event "Moscow Petrosian Memorial U18"]
[Site "Moscow"]
[Date "2007.01.??"]
[Round "2"]
[White "Belotserkovsky, Dmitry"]
[Black "Karabayir, Mustafa Yilmaz"]
[Result "1-0"]
[WhiteElo "1999"]
[BlackElo "1841"]
[PlyCount "51"]
[EventDate "2007.01.??"]
[EventType "swiss"]
[EventRounds "9"]
[EventCountry "RUS"]
[SourceTitle "EXT 2008"]
[Source "ChessBase"]
[SourceDate "2007.11.25"]
[SourceVersion "1"]
[SourceVersionDate "2007.11.25"]
[SourceQuality "1"]

1. e4 e5 2. Nf3 Nf6 3. d4 Nxe4 4. Bd3 d5 5. Nxe5 Nd7 6. Nxd7 Bxd7 7. 0-0 Qh4 8. f3 Nf6 9. Qe2+ Be6 10. Be3 0-0-0 11. a4 Bd6 12. g3 Qh5 13. Na3 c6 14. c4 Bxa3 15. Rxa3 dxc4 16. Bxc4 Bxc4 17. Qxc4 Nd5 18. a5 Rhe8 19. Bd2 Qg6 20. a6 b6 21. Rc1 Re6 22. b4 Kb8 23. b5 cxb5 24. Bf4+ Red6 25. Qxd5 h5 26. Qb7# 1-0

[Event "Moscow Petrosian Memorial U18"]
[Site "Moscow"]
[Date "2007.01.??"]
[Round "3"]
[White "Karabayir, Mustafa Yilmaz"]
[Black "Koroteeva, Ksenia"]
[Result "0-1"]
[WhiteElo "1841"]
[BlackElo "1982"]
[PlyCount "96"]
[EventDate "2007.01.??"]
[EventType "swiss"]
[EventRounds "9"]
[EventCountry "RUS"]
[SourceTitle "EXT 2008"]
[Source "ChessBase"]
[SourceDate "2007.11.25"]
[SourceVersion "1"]
[SourceVersionDate "2007.11.25"]
[SourceQuality "1"]

1. e4 c5 2. Nf3 e6 3. d4 cxd4 4. Nxd4 Nf6 5. Nc3 Nc6 6. Be3 Bb4 7. Bd3 d5 8. exd5 Nxd5 9. Nxc6 bxc6 10. Bd2 Qf6 11. Nxd5 Bxd2+ 12. Qxd2 exd5 13. Qb4 Qe5+ 14. Kd1 Be6 15. Re1 Qb8 16. Qxb8+ Rxb8 17. b3 Kd7 18. Kd2 c5 19. Rad1 Rhc8 20. c4 d4 21. Re5 f6 22. Re2 Rb6 23. Rde1 g6 24. f4 Re8 25. f5 Bf7 26. Rxe8 Bxe8 27. g4 g5 28. h4 Ra6 29. Bb1 h6 30. hxg5 hxg5 31. Rh1 Kd6 32. Re1 Bf7 33. Re4 Rb6 34. Re1 Rb8 35. Rh1 Rb7 36. Re1 Re7 37. Rxe7 Kxe7 38. Be4 Kd6 39. Ke2 Ke5 40. Kf3 Be8 41. a3 a5 42. Bd5 a4 43. bxa4 Bxa4 44. Be6 Bd1+ 45. Kg3 d3 46. Kf2 Kd4 47. Ke1 Bxg4 48. a4 Ke3 0-1